LIBRARY & INFORMATION CENTRE, KCAET, TAVANUR

ONLINE PUBLIC ACCESS CATALOGUE (OPAC)

Food processing / (Record no. 15439)

MARC details
000 -LEADER
fixed length control field 00343nam a22001337a 4500
020 ## - INTERNATIONAL STANDARD BOOK NUMBER
ISBN 9781587160080
082 ## - DEWEY DECIMAL CLASSIFICATION NUMBER
Classification number 664
Item number RAM/FO
100 ## - MAIN ENTRY--AUTHOR NAME
Personal name Ramaswamy ,Hosahalli .
245 ## - TITLE STATEMENT
Title Food processing /
260 ## - PUBLICATION, DISTRIBUTION, ETC. (IMPRINT)
Place of publication Boca Raton ;
Name of publisher Taylor and francis group ,
Year of publication 2006 .
300 ## - PHYSICAL DESCRIPTION
Number of Pages 420 ; .
700 ## - ADDED ENTRY--PERSONAL NAME
Personal name Marcotte , michele .
942 ## - ADDED ENTRY ELEMENTS (KOHA)
Koha item type Books
Holdings
Withdrawn status Lost status Damaged status Collection code Home library Current library Shelving location Date acquired Full call number Accession Number Koha item type
      Reference KAUAET KAUAET Reference1 04/06/2018 664 RAM/FO 25730 Books
free website counter